| 000 | 00851nam a22002657a 4500 | ||
|---|---|---|---|
| 003 | CHAP | ||
| 005 | 20220329134122.0 | ||
| 008 | 971013s r 00010 d | ||
| 010 | _a15670 | ||
| 011 | _a16642 | ||
| 035 | _a20724 | ||
| 040 | _cCHAP | ||
| 090 | _aR-1688 | ||
| 100 | 0 | 0 |
_aBesri, M. _912036 |
| 245 | _aPhases de la transmission de Fusarium oxysporum F. sp. lycopersici et de Verticillium dahliae par les semences de quelques varietés de tomate | ||
| 500 | _aSobretiro de : Phytopath. Z. 93 : 148-163, 1978 | ||
| 590 |
_aBATCH-UPD _b10 _c20130110 _lUCH01 _h1104 |
||
| 590 |
_aCONVERSION _b10 _c20130109 _lUCH01 _h1310 |
||
| 650 | 1 | 4 |
_aFusarium oxysporum. _944093 |
| 650 | 1 | 4 |
_aTomate _xSemilla. _9113765 |
| 650 | 1 | 4 |
_aVerticillium dahliae. _9118969 |
| 901 | _aBK | ||
| 942 | _cREIMP | ||
| 949 |
_aR-1688 _bBC _cR _d-48307 _eTS1 _i20724 _si |
||
| 999 |
_c15670 _d15670 |
||